[Event "Titled Tuesday intern op 12th May"]
[Site "Chess.com INT"]
[Date "2020.05.12"]
[Round "10"]
[White "Potapov, Alexander1"]
[Black "Sergeev, Vitalij"]
[Result "1-0"]
[WhiteElo "2424"]
[BlackElo "2162"]
[PlyCount "153"]
[EventDate "2020.05.12"]
[EventType "swiss (blitz)"]
[EventRounds "10"]
[EventCountry "USA"]
[SourceTitle "EXT 2021"]
[Source "ChessBase"]
[SourceDate "2020.10.23"]
[SourceVersion "1"]
[SourceVersionDate "2020.10.23"]
[SourceQuality "1"]

1. d4 Nf6 2. c4 g6 3. Nc3 Bg7 4. e4 d6 5. h3 0-0 6. Bg5 h6 7. Be3 e5 8. d5 a5 9. Qd2 Kh7 10. Bd3 Na6 11. g4 Nc5 12. Bc2 c6 13. Nge2 cxd5 14. cxd5 Bd7 15. a4 Qb6 16. 0-0 h5 17. f3 Qb4 18. Ra3 Rac8 19. Rb1 Ng8 20. Nb5 Bxb5 21. axb5 Qxd2 22. Bxd2 b6 23. Rc3 Bh6 24. Bxh6 Kxh6 25. Rf1 h4 26. f4 f6 27. f5 g5 28. Rb1 Ne7 29. Kf1 Rc7 30. Ke1 Nc8 31. Ra3 Na7 32. Nc3 Rfc8 33. Kd2 Nb7 34. Bd3 Nc5 35. b4 axb4 36. Rxb4 Kg7 37. Na4 Nxa4 38. Rbxa4 Ra8 39. Ra6 Rb7 40. Kc3 Kf7 41. Kb4 Ke7 42. Rc3 Kd7 43. Rc6 Rab8 44. Bc2 Nc8 45. Bd3 Na7 46. Be2 Nc8 47. Bc4 Na7 48. Ra1 Nc8 49. Bd3 Na7 50. Rac1 Rc8 51. Be2 Rbc7 52. Bd3 Nxc6+ 53. bxc6+ Ke7 54. Ra1 Rb8 55. Kb5 Kd8 56. Ra6 Kc8 57. Bc4 Kd8 58. Bd3 Kc8 59. Bc2 Kd8 60. Ba4 Kc8 61. Kb4 Kd8 62. Bb5 Rcc8 63. Ra7 Rc7 64. Ra6 Kc8 65. Bc4 Kd8 66. Ra4 Kc8 67. Ba6+ Kd8 68. Bb7 Ke7 69. Kb5 Kd8 70. Ra7 Rf7 71. Kxb6 Rc7 72. Ra6 Re7 73. Ra3 Rc7 74. Ra4 Re7 75. Ra2 Rc7 76. Rc2 Re7 77. c7+ 1-0

[Event "Titled Tuesday intern op 28th Apr"]
[Site "Chess.com INT"]
[Date "2020.04.28"]
[Round "9"]
[White "Fajdetic, Hrvoje"]
[Black "Sergeev, Vitalij"]
[Result "0-1"]
[WhiteElo "2151"]
[BlackElo "2162"]
[PlyCount "66"]
[EventDate "2020.04.28"]
[EventType "swiss (blitz)"]
[EventRounds "10"]
[EventCountry "USA"]
[SourceTitle "EXT 2021"]
[Source "ChessBase"]
[SourceDate "2020.10.23"]
[SourceVersion "1"]
[SourceVersionDate "2020.10.23"]
[SourceQuality "1"]

1. d4 Nf6 2. Bf4 g6 3. Nc3 Bg7 4. e4 d6 5. Qd2 0-0 6. 0-0-0 Nc6 7. Bh6 e5 8. Nge2 exd4 9. Nxd4 Nxd4 10. Bxg7 Kxg7 11. Qxd4 Qe7 12. Nd5 Qd8 13. f3 Be6 14. Ne3 Kg8 15. g4 Qe7 16. h4 h5 17. Be2 Kh7 18. f4 Bxg4 19. Nxg4 hxg4 20. e5 dxe5 21. fxe5 Rad8 22. Qf4 Rxd1+ 23. Bxd1 Nh5 24. Qe3 Re8 25. Re1 Qxh4 26. c3 Re7 27. Qc5 Kg7 28. Rg1 Qg5+ 29. Kb1 Qxe5 30. Qxe5+ Rxe5 31. Bxg4 Rg5 32. Rg2 Nf4 33. Rg3 f5 0-1

[Event "Titled Tuesday intern op 28th Apr"]
[Site "Chess.com INT"]
[Date "2020.04.28"]
[Round "2"]
[White "Sergeev, Vitalij"]
[Black "Bouget, Alexandre"]
[Result "1-0"]
[WhiteElo "2162"]
[BlackElo "2238"]
[PlyCount "67"]
[EventDate "2020.04.28"]
[EventType "swiss (blitz)"]
[EventRounds "10"]
[EventCountry "USA"]
[SourceTitle "EXT 2021"]
[Source "ChessBase"]
[SourceDate "2020.10.23"]
[SourceVersion "1"]
[SourceVersionDate "2020.10.23"]
[SourceQuality "1"]

1. e4 e5 2. Nf3 Nc6 3. d4 exd4 4. Bc4 Nf6 5. 0-0 Nxe4 6. Re1 d5 7. Bxd5 Qxd5 8. Nc3 Qa5 9. Nxe4 Be6 10. Bd2 Bb4 11. Bxb4 Qxb4 12. a3 Qb6 13. Qd3 0-0-0 14. b4 Rhe8 15. Nc5 g5 16. Nxg5 Nb8 17. Ngxe6 fxe6 18. Qxh7 Nd7 19. Nxd7 Rxd7 20. Qe4 e5 21. f4 d3+ 22. Kh1 d2 23. Rf1 Red8 24. Rad1 exf4 25. Qxf4 Qc6 26. c4 Rd4 27. Qf5+ Kb8 28. Rf2 Qxc4 29. h3 Qc3 30. Qf3 Rd3 31. Qf6 Qxa3 32. Rfxd2 Rxd2 33. Qxd8+ Rxd8 34. Rxd8# 1-0